Advanced engineering mathematics (Record no. 1337)

000 -LEADER
fixed length control field 00610nam a2200217 a 4500
001 - CONTROL NUMBER
control field 1337
003 - CONTROL NUMBER IDENTIFIER
control field BD-DhUET
008 - FIXED-LENGTH DATA ELEMENTS--GENERAL INFORMATION
fixed length control field 980909s1999 nyua b 001 0 eng
020 ## - INTERNATIONAL STANDARD BOOK NUMBER
International Standard Book Number 047133328X
040 ## - CATALOGING SOURCE
Original cataloging agency DLC
Transcribing agency DLC
Modifying agency BD-DhUET
082 00 - DEWEY DECIMAL CLASSIFICATION NUMBER
Classification number 530.15
Item number KRE/1999
100 ## - MAIN ENTRY--PERSONAL NAME
Personal name Kreyszig, Erwin
245 10 - TITLE STATEMENT
Title Advanced engineering mathematics
250 ## - EDITION STATEMENT
Edition statement 8th ed.
260 ## - PUBLICATION, DISTRIBUTION, ETC. (IMPRINT)
Place of publication, distribution, etc. New Delhi
Name of publisher, distributor, etc. John Wiley & Sons
Date of publication, distribution, etc. 1999
300 ## - PHYSICAL DESCRIPTION
Extent xvi,1156 p.+ various paging
504 ## - BIBLIOGRAPHY, ETC. NOTE
Bibliography, etc Includes bibliographies
650 #0 - SUBJECT ADDED ENTRY--TOPICAL TERM
Topical term or geographic name as entry element Engineering mathematics
856 41 - ELECTRONIC LOCATION AND ACCESS
Uniform Resource Identifier http://www.loc.gov/catdir/toc/onix04/98037591.html
942 ## - ADDED ENTRY ELEMENTS (KOHA)
Koha item type General Book
Holdings
Koha issues (times borrowed) Koha full call number Damaged status Koha renewals Lost status Koha item type Source of classification or shelving scheme Koha date last seen Piece designation (barcode) Sublocation or collection (holding branch) Copy number Location (home branch) Koha date last borrowed Shelving location Withdrawn status Date acquired Koha normalized classification for sorting Not for loan Price effective from
2530.15/KRE/1999   General Book 2024-03-06103814Central Library, BUET1Central Library, BUET2024-01-30Circulation section 2014-09-03530_000000000000000_15KRE1999 2014-09-03
 530.15/KRE/1999   General Book 2014-09-03103815Central Library, BUET2Central Library, BUET Circulation section 2014-09-03530_000000000000000_15KRE1999 2014-09-03
6530.15/KRE/1999   General Book 2024-02-03103816Central Library, BUET3Central Library, BUET2024-01-22Circulation section 2014-09-03530_000000000000000_15KRE1999 2014-09-03
3530.15/KRE/1999   General Book 2024-02-17103817Central Library, BUET4Central Library, BUET2024-01-30Circulation section 2014-09-03530_000000000000000_15KRE1999 2014-09-03
5530.15/KRE/1999   General Book 2024-02-19103818Central Library, BUET5Central Library, BUET2024-01-30Circulation section 2014-09-03530_000000000000000_15KRE1999 2014-09-03
8530.15/KRE/1999 2 General Book 2024-02-0597509Central Library, BUET6Central Library, BUET2024-01-30Circulation section 2014-10-27530_150000000000000_KRE_1999 2014-10-27
 530.15/KRE/1999   Reading Item 2015-06-1696647Central Library, BUET7Central Library, BUET Reading section 2015-06-16530_150000000000000_KRE_1999 2015-06-16
8530.15/KRE/1999   General Book 2026-01-1897508Central Library, BUET8Central Library, BUET2025-12-01Circulation section 2003-05-10530_150000000000000_KRE_1999 2017-05-28